| 000 | 00438nam a22001337a 4500 | ||
|---|---|---|---|
| 008 | 140429b xxu||||| |||| 00| 0 spa d | ||
| 020 | _a978-987-1313-60-0 | ||
| 082 |
_214 _a342 |
||
| 110 | 1 |
_92099 _aUniversidad Austral. _bFacultad de Derecho. |
|
| 245 | 0 | 0 |
_aContratos administrativos. / _cJornadas Organizadas por la Universidad Austral Facultad de Derecho. |
| 260 |
_aBuenos Aires : _bRap, _c2010. |
||
| 300 | _a680 p. | ||
| 942 |
_2ddc _cLIBRO |
||
| 999 |
_c2001 _d2001 |
||
| 980 |
_81943 _gVALERIA BEATRIZ DOMÍNGUEZ |
||